000 00772-am-a2200193-a-4500
001 000029880
003 AM-YEHGA
005 20250618070930.0
008 001117s1959 ai ||||| |||| 00| 0 arm d
040 _aAM-YeHGA
041 0 _aarm
100 1 _aԱռուստամյան, Մամիկոն Առուստամի,
_d1910-1995
_91248
245 1 0 _aՍոցիալիստական վերափոխումները և սոցիալիզմի կառուցումը Չինաստանում /
_cՄ. Առուստամյան.
260 _aԵրևան :
_bՀայպետապ,
_c1959.
300 _a166 էջ
650 1 4 _aՔաղաքական, տնտեսական և մշակութային կյանքը առանձին տարածքներում և երկրներում
942 _2udc
_cBK
090 _c13711
999 _c13606
_d13606